00487 2200181 4500001002100000005001500021035002000036245008400056100001200140250000600152300003400158260004500192082000800237084001400245020002200259600001200281990001200293INLIS00000000000336320260211122956 a0010-02260000291 aBUDIDAYA DAN MANFAAT :bMengkudu, Blustru, Ciplukan dan Mahkota Dewa /cKardono0 aKardono a1 a64 hlm :bs ;c17,5 x 24,5 cm aJakarta :bPT. Armandelta Selaras,c2010 a630 a630 KAR b a978-979-050-077-8 4aKardono a0750956